000 00469nam a2200157 i 4500
001 21310
003 ES-MaACL
005 20230906152446.0
007 t|
008 021122s1934 sp ||||1| spa d
100 1 _aAdan, Joaquín.
_918409
245 1 0 _aEn torno a un problema fundamental
_b: la crisis sidero-metalúrgica y la economía española /
_cJoaquín Adan.
260 _aBilbao :
_bMayli,
_c1934.
300 _a16 p. ;
_c17 cm.
852 _aES-MaACL
_j1786-F-7
999 _c21310
_d21310